000
00178 a2200097 4500
020
_a
805219368503
041
_a
spa
100
_a
Disney
245
_a
Diseਠun Perro
942
_c
K
999
_c
31261
_d
31259